000 00671pam a2200229 a 4500
999 _c118249
_d118249
001 1934534
005 20200818182141.0
008 861114s1987 njua b 001 0 eng c
020 _a0898596505
040 _cPK-LaUMT
082 0 0 _a616.8552
_219
_bPARA
100 1 _aParadis, Michel
245 1 4 _aThe assessment of bilingual aphasia /
_cby Michel Paradis ; with the collaboration of Gary Libben
260 _aNew York :
_bPsychology Press,
_c1987
300 _axv, 241 p. :
_bill. ;
_c24 cm.
500 _aIncludes index.
650 0 _aAphasia
_xDiagnosis.
650 0 _aBilingualism.
650 2 _aAphasia
_xdiagnosis.
700 1 _aLibben, Gary.
942 _cBK